Detalles MARC
| 000 -CABECERA |
| campo de control de longitud fija |
01113nam a2200277 a 4500 |
| 001 - NÚMERO DE CONTROL |
| campo de control |
000029498 |
| 005 - FECHA Y HORA DE LA ÚLTIMA TRANSACCIÓN |
| campo de control |
20240302073950.0 |
| 008 - DATOS DE LONGITUD FIJA--INFORMACIÓN GENERAL |
| campo de control de longitud fija |
110418s2010 dr bc 001 0 spa d |
| 020 ## - NÚMERO INTERNACIONAL ESTÁNDAR DEL LIBRO |
| Número Internacional Estándar del Libro |
9789945457193 |
| 040 ## - FUENTE DE LA CATALOGACIÓN |
| Centro catalogador/agencia de origen |
DO-SdBNP |
| Lengua de catalogación |
spa |
| Centro catalogador/agencia de origen |
BNPHU |
| 082 ## - NÚMERO DE LA CLASIFICACIÓN DECIMAL DEWEY |
| Número de clasificación |
xxxx |
| Número de documento/Ítem |
M385n |
| 049 ## - FONDOS LOCALES (OCLC) |
| Fondos de biblioteca |
BNPD |
| 100 1# - ENTRADA PRINCIPAL--NOMBRE DE PERSONA |
| Nombre de persona |
Martínez-Vergne, Teresita |
| 9 (RLIN) |
56362 |
| 240 10 - TÍTULO UNIFORME |
| Título uniforme |
Nation & citizen in the Dominican Republic, 1880-1916 |
| 245 10 - MENCIÓN DE TÍTULO |
| Título |
Nación y ciudadano en la República Dominicana, 1880-1916 / |
| Mención de responsabilidad, etc. |
Teresita Martínez-Vergne; traductor José M. Guillén, presentación Mariano Mella, prólogo Roberto Cassá. |
| 260 ## - PUBLICACIÓN, DISTRIBUCIÓN, ETC. |
| Lugar de publicación, distribución, etc. |
Santo Domingo : |
| Nombre del editor, distribuidor, etc. |
Sociendad Dominicana de Bibliófilos, |
| Fecha de publicación, distribución, etc. |
2010. |
| 300 ## - DESCRIPCIÓN FÍSICA |
| Extensión |
343 p. : |
| Otras características físicas |
mapas, retrs. ; |
| Dimensiones |
21 cm. |
| 490 1# - MENCIÓN DE SERIE |
| Mención de serie |
Bibliófilos 2000 |
| 500 ## - NOTA GENERAL |
| Nota general |
Incluye índice onomástico y temático |
| 504 ## - NOTA DE BIBLIOGRAFÍA, ETC. |
| Nota de bibliografía, etc. |
Incluye referencias bibliográficas y notas al pie de las páginas. |
| 504 ## - NOTA DE BIBLIOGRAFÍA, ETC. |
| Nota de bibliografía, etc. |
Bibliografía : p. [333]-343 |
| 700 12 - PUNTO DE ACCESO ADICIONAL--NOMBRE DE PERSONA |
| Nombre de persona |
Guillén, José M., |
| Término indicativo de función/relación |
trad. |
| 9 (RLIN) |
56363 |
| 700 12 - PUNTO DE ACCESO ADICIONAL--NOMBRE DE PERSONA |
| Nombre de persona |
Mella, Mariano |
| 9 (RLIN) |
2101 |
| 700 12 - PUNTO DE ACCESO ADICIONAL--NOMBRE DE PERSONA |
| Nombre de persona |
Cassá, Roberto, |
| Fechas asociadas al nombre |
1948- |
| Término indicativo de función/relación |
pról. |
| 9 (RLIN) |
10888 |
| 830 #0 - PUNTO DE ACCESO ADICIONAL DE SERIE-TÍTULO UNIFORME |
| Título uniforme |
Bibliófilos 2000 |
| 9 (RLIN) |
1044 |